000 00998na a2200301 4500
001 20100
003 MIRAKIL
005 20181213155120.0
008 170103b tu 000 0
020 _a975845899X
035 _a20100
040 _aMilas
_btur
_cTR-AnCHP
041 _atur
082 _a370.9561
_bE35 2006
090 _a370.9561 E35 2006
245 _aEğitim ve sürdürülebilir büyüme
_bTürkiye deneyimi, riskler ve fırsatlar
_c[hazırlayanlar] Şeref Saygılı, Cengiz Cihan, Zafer Ali Yavan
260 _aİstanbul
_bTÜSİAD
_c2006
300 _a182 s.
_btbl.; grf.
_c28 sm.
490 _aTÜSİAD Büyüme Stratejileri Dizisi
_v7
490 _aTÜSİAD-T
_v2006-06-420
650 _aEğitim
_xBüyüme ve gelişme
_yFırsatlar
650 _aEğitim
_xBüyüme ve gelişme
_yRiskler
651 _aTürkiye
_xEğitim politikaları
_ySürdürülebilirlik
700 _aSaygılı, Şeref
700 _aCihan, Cengiz
700 _aYavan, Zafer Ali
942 _2ddc
_cBKS
999 _c6818
_d6818